000 01304nam a22002657a 4500
005 20080612100810.0
008 080612t xxu||||| |||| 00| 0 hin d
010 _aHIN-92497
020 _a8177142879
_c300.00
035 _aHN-64843
037 _bDBAD / PUB
040 _aDPL
_bHN
082 _a370.954
100 _aशर्मा, सुभाष
_927480
245 _aशिक्षा और समाज /
_cसुभाष शर्मा
246 _aShiksha aur samaj
_bby Subhash Sharma
250 _a2रा संस्क
260 _aनई दिल्ली
_bप्रकाशन संस्थान
_c2009
270 _a4715/21, दयानन्द मार्ग, दरियागंज
_bनई दिल्ली
_e110002
300 _a224पृ
_c22सेमी(सजिल्द)
650 _aEducation and Society
_927481
942 _cHN
_2ddc
_h370.954
_mशर्मासु
999 _c51910
_d51910